• 首页
  • 本馆介绍
  • 公告通知
  • 最新文献
  • 馆藏检索
  • 电子资源
  • 读者导购
  • 参考咨询
  • 我的图书馆
  • 登录
  • 详细信息显示
  • 放入我的书架
  • 预约/预借图书
  • 作者相关作品
  • 分类相关作品
  • 丛书相关作品
  • 出版社相关作品

书目信息

  • 表格格式
  • 工作单格式
  • 卡片格式
题名:
心灵体操
    
 
作者: 唐映红 著
分册:  
出版信息: 北京   中国城市出版社  1998
页数: 16,309页
开本: 20cm
丛书名:
单 册:
中图分类: B848.4 , B84
科图分类:
主题词: 成功心理--教材 , 心理学
电子资源:
ISBN: 7-5074-1014-5
000 00691nam0 2200241 450
001 1538480195
005 20150126104141.04
010    @a7-5074-1014-5@dCNY19.80
100    @a20021005d1998 em y0chiy0110 ea
101 0  @achi
102    @aCN@b110000
105    @ay z 000yy
200 1  @a心灵体操@9xin ling ti cao@e心理能力自助训练教程@f唐映红著
210    @a北京@c中国城市出版社@d1998
215    @a16,309页@d20cm
517 1  @a心理能力自助训练教程@9xin li neng li zi zhu xun lian jiao cheng
606 0  @a成功心理@x教材
606 0  @a心理学
690    @aB848.4@v5
690    @aB84@v4
701  0 @a唐映红@9tang ying hong@4著
801  0 @aCN@bTSSF@c20150126
905    @aZUCC@dB84@eJY315
    
    心灵体操:心理能力自助训练教程/唐映红著.-北京:中国城市出版社,1998
    16,309页;20cm
    
    
    ISBN 7-5074-1014-5:CNY19.80
    
●
相关链接 在E读中查询图书 在五车中查询图书 在当当中查询图书 在豆瓣中查询图书


正题名:心灵体操     索取号:B84/JY315         预约/预借

序号 登录号 条形码 馆藏地/架位号 状态 备注
1 7859145   278591454   学院路分馆/ [索取号:B84/JY315] 在馆    
唐山师范学院图书馆 欢迎您!
大连网信软件有限公司© 版权所有